01100nam a2200193 a 450000100080000000500110000800800410001910000220006024500940008226002980017652002600047465300400073465300330077470000230080770000200083070000230085070000170087370000160089020561312016-12-29 2016 bl uuuu u00u1 u #d1 aARAGÃO, A. R. de aAlterações radiculares em plântulas de milho inoculadas com bactérias diazotróficas. aIn: REUNIÃO BRASILEIRA DE FERTILIDADE DO SOLO E NUTRIÇÃO DE PLANTAS, 32.; REUNIÃO BRASILEIRA SOBRE MICORRIZAS, 16.; SIMPÓSIO BRASILEIRO DE MICROBIOLOGIA DO SOLO, 14.; REUNIÃO BRASILEIRA DE BIOLOGIA DO SOLO, 11., FERTBIO 2016. Goiânia. Rumo aos novos desafios: anais. Goiânia: UFGc2016 aO objetivo do trabalho foi de avaliar a inoculação da estirpe ZAE94 de Herbaspirillum seropedicae e Sp245 de Azospirillum brasilense na alteração morfológica do sistema radicular de plântulas de milho híbrido na presença ou não de N-fertilizante. aFixação biológica de nitrogênio aInteração planta bactéria1 aSILVA, T. F. R. da1 aSOUZA, W. D. de1 aBREDA, F. A. da F.1 aALVES, G. C.1 aREIS, V. M.